MARC

Tag First Indicator Second Indicator Subfields
LEADER 00000cam a2200000 a 4500
001 in00002455421
005 20151110094054.0
008 080930s2009 enk b 001 0 eng
015 |a GBA8C1290  |2 bnb 
016 7 |a 014782887  |2 Uk 
020 |a 9780521883016 (cased) 
020 |a 0521883016 (cased) 
020 |a 9780521709538 (pbk.) 
020 |a 0521709539 (pbk.) 
029 1 |a AU@  |b 000043834309 
029 1 |a NLGGC  |b 315658657 
035 |a (OCoLC)ocn244767414 
035 |a (OCoLC)244767414 
040 |a UKM  |c UKM  |d BTCTA  |d YDXCP  |d BWKUK  |d BWK  |d J2H  |d UtOrBLW 
042 |a ukblcatcopy 
049 |a TXAM 
050 4 |a JN30  |b .E847 2009 
082 0 4 |a 320.94  |2 22 
245 0 0 |a European identity /  |c edited by Jeffrey T. Checkel, Peter J. Katzenstein. 
264 1 |a Cambridge :  |b Cambridge University Press,  |c [2009] 
264 4 |c ©2009 
300 |a xiii, 265 pages ;  |c 23 cm. 
336 |a text  |b txt  |2 rdacontent 
337 |a unmediated  |b n  |2 rdamedia 
338 |a volume  |b nc  |2 rdacarrier 
490 1 |a Contemporary European politics 
504 |a Includes bibliographical references and index. 
505 0 |a The politicization of European identities / Jeffrey T. Checkel and Peter J. Katzenstein -- Part I. European Identity as project. Political identity in a community of strangers / Dario Castiglione -- Experimental identities (after Maastricht) / Douglas R. Holmes -- The public sphere and the European Union's political identity / Juan Díez Medrano -- Part II. European Identity as process. Being European : east and west / Holly Case -- Who are the Europeans and how does this matter for politics? / Neil Fligstein -- Immigration, migration, and free movement in the making of Europe / Adrian Favell -- Part III. European Identity in context .Identification with Europe and politicization of the EU since the 1980s / Hartmut Kaelble -- Conclusion : European identity in context / Peter J. Katzenstein and Jeffrey T. Checkel. 
610 2 0 |a European Union. 
650 0 |a Group identity  |z Europe. 
650 0 |a National characteristics, European. 
650 1 0 |a Citizenship  |z Europe. 
651 0 |a Europe  |x Politics and government. 
651 0 |a Europe  |x Economic integration  |x Social aspects. 
651 0 |a Europe  |x Economic integration  |x Political aspects. 
651 0 |a Europe  |x Social conditions. 
700 1 |a Checkel, Jeffrey T.,  |d 1959- 
700 1 |a Katzenstein, Peter J. 
830 0 |a Contemporary European politics. 
938 |a Baker and Taylor  |b BTCP  |n BK0007924430 
938 |a Blackwell Book Service UK  |b BBUK  |n L5809467  |c 45.00 
938 |a YBP Library Services  |b YANK  |n 100510972 
945 |a PromptCat  |b 680907 
946 |a stk 
947 |a A14839829933 
994 |a 92  |b TXA 
948 |a cataloged  |b h  |d 2009/4/24  |h c  |e asalazar  |f 1:14:49 pm 
999 |a MARS 
999 f f |s d4c6994f-b7d0-327f-8192-f838940d4122  |i e87774b2-08a5-3eed-ad7f-73f6d4bd548f  |t 0 
952 f f |p ric  |a Texas A&M University  |b Rellis Campus  |c Joint Library Facility  |d Remote Storage  |t 0  |e JN30 .E847 2009  |h Library of Congress classification  |i unmediated -- volume  |m A14839829933 
998 f f |a JN30 .E847 2009  |t 0  |l Remote Storage